Diccionario español de la lengua china / (Record no. 100697)

MARC details
000 -LEADER
campo de control de longitud fija 00773nam a2200217 i 4500
001 - NÚMERO DE CONTROL
campo de control 100697
003 - IDENTIFICADOR DE NÚMERO DE CONTROL
campo de control ES-MaACL
005 - FECHA Y HORA DE LA ÚLTIMA TRANSACCIÓN
campo de control 20230906182728.0
007 - CAMPO FIJO DE DESCRIPCIÓN FÍSICA--INFORMACIÓN GENERAL
campo de control de longitud fija t|
008 - DATOS DE LONGITUD FIJA--INFORMACIÓN GENERAL
campo de control de longitud fija 051004s1977 sp ||||1| spa d
080 ## - NÚMERO DE LA CLASIFICACIÓN DECIMAL UNIVERSAL
Número de la Clasificación Decimal Universal (038)=134.2=581
100 1# - ENTRADA PRINCIPAL--NOMBRE DE PERSONA
Nombre de persona Mateos, Fernando.
9 (RLIN) 78973
245 10 - MENCIÓN DEL TÍTULO
Título Diccionario español de la lengua china /
Mención de responsabilidad, etc. preparado por Fernando Mateos, S. J., Miguel Otegui, S. J., Ignacio Arrizabalaga, S. J., en el Instituto Ricci.
260 ## - PUBLICACIÓN, DISTRIBUCIÓN, ETC.
Lugar de publicación, distribución, etc. Madrid :
Nombre del editor, distribuidor, etc. Espasa-Calpe,
Fecha de publicación, distribución, etc. 1977.
300 ## - DESCRIPCIÓN FÍSICA
Extensión XXXVIII, 1140 p., 1-179 p. ;
Dimensiones 29 cm.
650 #4 - PUNTO DE ACCESO ADICIONAL DE MATERIA--TÉRMINO DE MATERIA
Término de materia o nombre geográfico como elemento de entrada Lengua china-
Subdivisión de forma Diccionarios-
Subdivisión general Español.
9 (RLIN) 163050
700 1# - ENTRADA AGREGADA--NOMBRE PERSONAL
Nombre de persona Otegui, Miguel.
9 (RLIN) 87866
700 1# - ENTRADA AGREGADA--NOMBRE PERSONAL
Nombre de persona Arrizabalaga, Ignacio.
9 (RLIN) 23331
710 2# - ENTRADA AGREGADA--NOMBRE DE ENTIDAD CORPORATIVA
Nombre de entidad corporativa o nombre de jurisdicción como elemento de entrada Instituto Ricci.
9 (RLIN) 5227
852 ## - LOCALIZACIÓN
Ubicación ES-MaACL
Número de control de estantería A-7527
Sublocalización o colección R.96914
Holdings
Estatus retirado Estado de pérdida Estado de daño No para préstamo Colección Biblioteca de origen Biblioteca actual Ubicación en estantería Fecha de adquisición Fuente de adquisición Total de préstamos Signatura topográfica completa Código de barras Visto por última vez Precio de reemplazo Tipo de ítem Koha
        Colección de referencia Biblioteca del Ateneo de Madrid Biblioteca del Ateneo de Madrid Sala Pecera Planta 1 17/01/2008     A-7527 1105133 23/02/2023 23/02/2023 Libro impreso